Advanced accounts (Record no. 3791)

000 -LEADER
fixed length control field 00583nam a22002291 4500
001 - CONTROL NUMBER
control field 3791
003 - CONTROL NUMBER IDENTIFIER
control field BD-DhUET
008 - FIXED-LENGTH DATA ELEMENTS--GENERAL INFORMATION
fixed length control field 740123s1966 ii k 000 0 eng
020 ## - INTERNATIONAL STANDARD BOOK NUMBER
International Standard Book Number 8121902789
040 ## - CATALOGING SOURCE
Original cataloging agency DLC
Transcribing agency DLC
Modifying agency BD-DhUET
082 00 - DEWEY DECIMAL CLASSIFICATION NUMBER
Classification number 657
Item number SHU/1999
100 1# - MAIN ENTRY--PERSONAL NAME
Personal name Shukla, M. C.
245 10 - TITLE STATEMENT
Title Advanced accounts
Statement of responsibility, etc. by M. C. Shukla and T. S. Grewal
250 ## - EDITION STATEMENT
Edition statement 14th ed.
260 ## - PUBLICATION, DISTRIBUTION, ETC. (IMPRINT)
Place of publication, distribution, etc. New Delhi
Name of publisher, distributor, etc. S, chand
Date of publication, distribution, etc. 1999
300 ## - PHYSICAL DESCRIPTION
Extent v.p.
Other physical details ill.
Dimensions 25 cm.
504 ## - BIBLIOGRAPHY, ETC. NOTE
Bibliography, etc Includes bibliographies
650 #0 - SUBJECT ADDED ENTRY--TOPICAL TERM
Topical term or geographic name as entry element Accounting
700 ## - ADDED ENTRY--PERSONAL NAME
Personal name Grewal, T. S.
700 ## - ADDED ENTRY--PERSONAL NAME
Personal name Gupta, S. C.
942 ## - ADDED ENTRY ELEMENTS (KOHA)
Koha item type General Book
Holdings
Shelving location Koha item type Copy number Lost status Price effective from Koha date last seen Koha full call number Piece designation (barcode) Damaged status Withdrawn status Koha normalized classification for sorting Location (home branch) Source of classification or shelving scheme Not for loan Sublocation or collection (holding branch) Date acquired
Circulation sectionGeneral Book1 2014-11-052014-11-05657/SHU/199993656  657SHU1999Central Library, BUET  Central Library, BUET2014-11-05
Circulation sectionGeneral Book2 2014-11-052014-11-05657/SHU/199993657  657SHU1999Central Library, BUET  Central Library, BUET2014-11-05
Circulation sectionGeneral Book3 2014-11-052014-11-05657/SHU/199993658  657SHU1999Central Library, BUET  Central Library, BUET2014-11-05
Circulation sectionGeneral Book4 2014-11-052014-11-05657/SHU/199993659  657SHU1999Central Library, BUET  Central Library, BUET2014-11-05
Circulation sectionGeneral Book5 2014-11-052014-11-05657/SHU/199993660  657SHU1999Central Library, BUET  Central Library, BUET2014-11-05
Circulation sectionGeneral Book6 2014-11-052014-11-05657/SHU/199993661  657_000000000000000_SHU_1999Central Library, BUET  Central Library, BUET2014-11-05
Circulation sectionGeneral Book7 2014-11-052014-11-05657/SHU/199993662  657SHU1999Central Library, BUET  Central Library, BUET2014-11-05
Circulation sectionGeneral Book8 2014-11-052014-11-05657/SHU/199993655  657_000000000000000_SHU_1999Central Library, BUET  Central Library, BUET2014-11-05
Reading sectionReading Item9 2015-06-202015-06-20657/SHU/199993654  657_000000000000000_SHU_1999Central Library, BUET  Central Library, BUET2015-06-20
Reading sectionReading Item10 2015-06-202015-06-20657/SHU/199993653  657_000000000000000_SHU_1999Central Library, BUET  Central Library, BUET2015-06-20